Najpopularniejsze imiona męskie w 2023 r. - Statystyki

Ogólne statystyki
  • Ten quiz został rozwiązany 488 razy
  • Średni wynik to 47 z 100
Statystyki odpowiedzi
Liczba Imię % Poprawnych
5638 Jan
89%
1630 Piotr
84%
4474 Jakub
83%
640 Paweł
79%
5663 Antoni
78%
2889 Adam
77%
209 Aleks
77%
2183 Michał
77%
1053 Bartosz
76%
5625 Aleksander
73%
4965 Franciszek
72%
517 Kamil
72%
900 Mateusz
71%
3874 Stanisław
71%
3269 Szymon
71%
830 Tomasz
71%
530 Bartłomiej
69%
3506 Filip
69%
2684 Kacper
69%
1069 Krzysztof
68%
6532 Nikodem
67%
244 Marcin
66%
1899 Igor
64%
866 Karol
64%
2347 Wiktor
64%
225 Łukasz
63%
410 Patryk
63%
378 Grzegorz
62%
3078 Wojciech
62%
262 Damian
61%
1276 Dawid
61%
4081 Mikołaj
59%
2578 Oliwier
59%
299 Robert
59%
783 Maciej
57%
630 Daniel
56%
229 Rafał
56%
1022 Dominik
55%
880 Henryk
55%
669 Leo
55%
4916 Leon
53%
325 Sebastian
53%
1065 Natan
52%
1683 Oskar
52%
364 Adrian
51%
325 Krystian
51%
2759 Marcel
51%
413 Eryk
49%
1159 Hubert
49%
4166 Ignacy
49%
1855 Miłosz
49%
886 Cezary
47%
861 Tadeusz
47%
2782 Tymon
47%
1724 Gabriel
46%
722 Artur
45%
354 Maksym
45%
410 Emil
44%
193 Konrad
44%
1855 Julian
43%
2655 Maksymilian
42%
1724 Tymoteusz
42%
869 Alan
40%
320 Jerzy
40%
576 Kuba
40%
566 Józef
37%
434 Olaf
37%
338 Ryszard
35%
588 Kazimierz
34%
483 Stefan
33%
196 Błażej
32%
456 Kornel
32%
231 Nataniel
31%
570 Witold
30%
209 Juliusz
29%
752 Ksawery
29%
837 Fabian
27%
532 Borys
25%
1186 Bruno
24%
302 Florian
23%
564 Kajetan
23%
388 Feliks
22%
201 Jeremi
22%
191 Lucjan
22%
350 Tobiasz
22%
204 Iwo
20%
439 Leonard
20%
260 Remigiusz
20%
761 Teodor
19%
264 Alex
18%
397 Gustaw
18%
733 Milan
16%
352 Konstanty
15%
227 Liam
14%
416 Mieszko
14%
252 Olivier
12%
568 Mark
8%
244 Artem
7%
285 David
7%
202 Matvii
4%
Nie znaleziono quizów pasujących do podanych kryteriów
Rozkład punktacji
Procent ludzi z każdym wynikiem
Percentyl według liczby udzielonych odpowiedzi
Twoja historia wyników
Nie rozwiązałeś tego quizu